• 首页
  • 本馆介绍
  • 公告通知
  • 最新文献
  • 馆藏检索
  • 电子资源
  • 读者导购
  • 参考咨询
  • 我的图书馆
  • 登录
  • 详细信息显示
  • 放入我的书架
  • 预约/预借图书
  • 作者相关作品
  • 分类相关作品
  • 丛书相关作品
  • 出版社相关作品

书目信息

  • 表格格式
  • 工作单格式
  • 卡片格式
题名:
瓦尔登湖
    
 
作者: 梭罗 著 ;黄毅 译
分册:  
出版信息: 南京   江苏凤凰文艺出版社  2015
页数: 374页
开本: 22cm
丛书名:
单 册:
中图分类: I712.64
科图分类:
主题词: 散文集--美国--近代
电子资源:
ISBN: 978-7-5399-8749-1
000 01488nam0 2200301 450
001 012001005077
005 20141007114009.0
010    @a978-7-5399-8749-1@b精装@dCNY39.80
100    @a20160109d2015 em y0chiy50 ea
101 1  @achi@ceng
102    @aCN@b320000
105    @ay z 000cy
106    @ar
200 1  @a瓦尔登湖@9wa er deng hu@dWalden; or, Life in the woods@e亲吻你内心的平静@zeng@f(美)梭罗著@g黄毅译
210    @a南京@c江苏凤凰文艺出版社@d2015
215    @a374页@d22cm@c1导读本
300    @a大师梭罗留给城市人的“心灵隐居指南”Ⅰ
314    @a梭罗(1817-1862),极具世界影响力的美国思想家,美国精神和传统的奠基者之一,十九世纪中期病美国文坛的代表人物,其作品《瓦尔登湖》是美国文学,也是世界文学的经典。1845年7月4日,28岁的梭罗独自一人来到距离康科德两英里的瓦尔登湖畔,建造了一个小木屋住了下来。
330    @a本书讲述了:梭罗在长达两年时间的日常生活里,记录下了在小木屋旁开荒种地,春种秋收,自给自足;记录下崇尚自然,与天地交心,与湖水、森林和飞鸟对话,在森林中观察动物和植物,在船上吹笛,在湖边钓鱼,在小木屋里留下自己的观察和思考;记录了他如何追求精神生活,如何让心灵一点一点平静下来。
510 1  @aWalden@zeng
510 1  @aLife in the woods@zeng
517 1  @a亲吻你内心的平静@9qin wen ni nei xin de ping jing
606 0  @a散文集@y美国@z近代
690    @aI712.64@v5
701  0 @c(美)@a梭罗@9suo luo@c(Thoreau, Henry David@f1817-1862)@4著
702  0 @a黄毅@9huang yi@4译
801  0 @aCN@b上海新华@c20180901
905    @b1172509-13@dI712.64@e1173@f5
    
    瓦尔登湖=Walden; or, Life in the woods:亲吻你内心的平静/(美)梭罗著/黄毅译.-南京:江苏凤凰文艺出版社,2015
    374页;22cm:1导读本
    大师梭罗留给城市人的“心灵隐居指南”Ⅰ
    
    ISBN 978-7-5399-8749-1(精装):CNY39.80
    本书讲述了:梭罗在长达两年时间的日常生活里,记录下了在小木屋旁开荒种地,春种秋收,自给自足;记录下崇尚自然,与天地交心,与湖水、森林和飞鸟对话,在森林中观察动物和植物,在船上吹笛,在湖边钓鱼,在小木屋里留下自己的观察和思考;记录了他如何追求精神生活,如何让心灵一点一点平静下来。
●
相关链接 在E读中查询图书 在五车中查询图书 在当当中查询图书 在豆瓣中查询图书


正题名:瓦尔登湖     索取号:I712.64/1173         预约/预借

序号 登录号 条形码 馆藏地/架位号 状态 备注
1 1172509   211725098   第一样本阅览室/ [索取号:I712.64/1173] 在馆    
2 1172510   211725105   第二借阅区/ [索取号:I712.64/1173] 在馆    
3 1172511   211725114   第二借阅区/ [索取号:I712.64/1173] 已借出,限还日期为2026.06.04
借出人:王长明  
 
4 1172512   211725123   第二借阅区/ [索取号:I712.64/1173] 在馆    
5 1172513   211725132   密集书库-文学院/ [索取号:I712.64/1173] 在馆    
唐山师范学院图书馆 欢迎您!
大连网信软件有限公司© 版权所有